| Tag |
First Indicator |
Second Indicator |
Subfields |
| LEADER |
00000nam a2200000Ia 4500 |
| 001 |
in00004337721 |
| 005 |
20200812094247.0 |
| 006 |
m g d |
| 007 |
cr bn |||a|bb| |
| 008 |
100521s1673 enk o 000 0 eng d |
| 040 |
|
|
|a UMI
|c UMI
|e dcrb
|
| 035 |
|
|
|a (OCoLC)625106241
|
| 037 |
|
|
|a CL0037000133
|b ProQuest, 789 E. Eisenhower Parkway, Ann Arbor, MI 48108-3218
|
| 043 |
|
|
|a e-uk-en
|
| 090 |
|
|
|a DA690.D7
|b A7 1673
|
| 049 |
|
|
|a UMIA
|
| 245 |
0 |
0 |
|a At the election of a baron to serve in Parliament, for the town and port of Dover, in February last past.
|
| 260 |
|
|
|a [London? :
|b publisher not identified,
|c 1673 or 1674].
|
| 300 |
|
|
|a 1 online resource (1 sheet ([1] pages)
|
| 336 |
|
|
|a text
|b txt
|2 rdacontent
|
| 337 |
|
|
|a computer
|b c
|2 rdamedia
|
| 338 |
|
|
|a online resource
|b cr
|2 rdacarrier
|
| 500 |
|
|
|a Place and date of publication suggested by Wing (2nd edition).
|
| 500 |
|
|
|a "The corporation prays for a new election, Sir Edward Spragg being dead, 1673."
|
| 500 |
|
|
|a Reproduction of original in: British Library.
|
| 510 |
4 |
|
|a Wing (2nd edition),
|c A4099C
|
| 533 |
|
|
|a Electronic reproduction.
|b Ann Arbor, Mich. :
|c UMI,
|d 1999-
|f (Early English books online)
|n Digital version of: (Early English Books, 1641-1700 ; 2961:18)
|7 s1999 miun s
|
| 651 |
|
0 |
|a Dover (England)
|x History
|v Early works to 1800.
|
| 610 |
1 |
0 |
|a England and Wales.
|b Parliament.
|b House of Commons
|x Elections
|v Early works to 1800.
|
| 600 |
1 |
0 |
|a Spragg, Edward,
|c Sir.
|
| 655 |
|
7 |
|a Broadsides
|z England
|y 17th century.
|2 rbgenr
|
| 830 |
|
0 |
|a Early English books online.
|
| 856 |
4 |
0 |
|u http://proxy.library.tamu.edu/login?url=https://search.proquest.com/docview/2248531150
|z Connect to the full text of this electronic book
|t 0
|
| 994 |
|
|
|a 02
|b UMI
|
| 999 |
f |
f |
|s 6a0322ea-dabb-3abf-8e42-7bad478910c6
|i a40143b5-f42c-376a-b3de-3fcad5c0998b
|t 0
|
| 952 |
f |
f |
|a Texas A&M University
|b College Station
|c Electronic Resources
|d Available Online
|t 0
|e DA690.D7 A7 1673
|h Library of Congress classification
|
| 998 |
f |
f |
|a DA690.D7 A7 1673
|t 0
|l Available Online
|